[Event "V Open Semana Santa Alicante 2021"]
[Site "Alicante"]
[Date "2021.04.02"]
[Round "5.1"]
[White "Yuffa, Daniil"]
[Black "Cuenca Jimenez, Jose Fernando"]
[Result "1/2-1/2"]
[WhiteElo "2584"]
[BlackElo "2506"]
[Annotator "TA"]
[PlyCount "166"]
[EventDate "2021.03.31"]
[EventType "swiss"]
[EventCountry "ESP"]
[SourceTitle "playchess.com"]
[Source "ChessBase"]
[SourceQuality "1"]

{[%evp 18,166,25,0,38,10,60,44,47,30,58,44,64,64,83,89,107,112,114,116,110,114,112,111,113,104,168,49,44,51,68,0,22,0,81,22,54,0,0,0,58,12,15,18,35,37,41,29,45,39,39,39,44,6,5,-40,0,0,0,0,0,14,14,0,12,0,3,0,0,0,27,28,68,14,12,0,6,11,18,6,87,87,87,87,87,87,87,87,87,87,98,98,112,87,114,45,114,45,45,45,114,114,114,114,114,114,114,114,114,114,114,114,114,1,115,115,115,115,115,115,115,0,122,122,122,122,122,122,122,122,122,0,122,122,122,122,122,122,122,0,0,0,0,0,0,0,0,0,0,0,0]} 1. d4 Nf6 2. c4 e6 3. g3 c5 4. d5 exd5 5. cxd5 d6 6. Nc3 g6 7. Bg2 Bg7 8. Nf3 O-O 9. O-O Re8 10. Bf4 Bf5 $1 {[%mdl 4] 10...Bf5 is the modern continuation. A62: Modern Benoni: Fianchetto Variation without early ...Nbd7.} 11. a4 Na6 12. Nd2 $1 Nh5 {White is slightly better.} 13. Be3 Nb4 {[#]} 14. Rc1 $146 ({Predecessor:} 14. Nc4 Qd7 15. Rc1 Rad8 16. Bg5 Bf6 17. Bxf6 Nxf6 18. f3 Bh3 19. e4 Bxg2 20. Kxg2 {½-½ (61) Ghazarian,K (2181)-Kumar,N (2328) chess.com INT 2020}) 14... a6 15. Nc4 g5 16. a5 h6 17. Na4 Bf8 18. Nab6 Rb8 19. Bd2 Nf6 20. Re1 Ne4 21. Ne3 Qf6 (21... Bg6 $16) 22. Nxf5 (22. Bxb4 $18 cxb4 23. Bxe4 Bxe4 24. Nd7 Qxb2 25. Nc4 (25. Nxb8 Rxb8 26. Qa4 Qd2 $18)) 22... Qxf5 $14 23. Be3 Nf6 24. Bd2 {Bxb4 is the strong threat.} Ne4 ({Don't blunder} 24... Nbxd5 $2 25. Nxd5 Nxd5 26. e4 $18) 25. Be3 ({White should try} 25. f3 $11 Nxd2 26. Qxd2) 25... Nf6 $16 26. Rf1 (26. Rc4 $16) 26... Nd7 27. Nc4 Nf6 {[%cal Rb4d5]} 28. Nb6 Nd7 29. Bd2 {Hoping for e4.} Nxb6 30. axb6 Nxd5 {[#]} 31. Bxg5 $1 Nxb6 32. Bf4 Qf6 33. Rc3 {[%mdl 1024] White has compensation.} Nd7 34. Bd5 Ne5 35. Qa4 Nc6 36. Be3 Bg7 (36... Nb4 $5 {[%cal Rb4d5]} 37. Bf3 Bg7 $15) 37. Bxc6 bxc6 38. Qxc6 Re6 39. Qxa6 Rxb2 40. Rc4 Qg6 41. Qa8+ Kh7 42. Qf3 Rf6 43. Bf4 Re6 (43... Rb4 $5 {[%cal Rb4c4]} 44. Rfc1 d5 45. Rxb4 cxb4 $15) 44. e3 Rc2 45. Rxc2 (45. Ra4 $14) 45... Qxc2 $11 46. Qd5 c4 47. Bxd6 c3 48. Bc5 Qe4 {[#]} (48... Qb2 $11) 49. Qxe4+ $1 $16 Rxe4 {[%mdl 4096] Endgame KRB-KRB} 50. Rc1 Rc4 51. Bd4 Bxd4 52. exd4 Rxd4 53. Rxc3 {KR-KR} Kg7 54. Kg2 Ra4 55. Rc6 Ra3 56. g4 (56. Rc5 $16) 56... Rb3 ({Black should play} 56... Ra5 $14) 57. f3 (57. Rc5 $16) 57... Rb5 $1 $14 58. Kg3 Ra5 (58... f5 $14) 59. h4 $16 Rb5 60. Rd6 Ra5 61. h5 Rb5 62. f4 Rb3+ 63. Kf2 Ra3 64. Kg2 Rb3 65. f5 (65. Rd5 $16) 65... f6 (65... Rb2+ $1 $11 {keeps the balance.} 66. Kg3 Rb3+ 67. Kf2 Rb2+ 68. Kg3 Rc2) 66. Rd7+ Kg8 67. Kf2 Ra3 68. Re7 Rb3 69. Re3 (69. Ra7 $16) 69... Rb4 (69... Rxe3 $1 $11 {remains equal.} 70. Kxe3 Kf8 71. Kd4 Kf7 72. Kd5 Ke7 73. Kc6 Ke8 74. Kd6 Kd8) 70. Kf3 Kf7 71. Rc3 Ra4 72. Rc7+ Kg8 73. Re7 Ra1 74. Rc7 Ra4 $1 75. Rd7 Rb4 76. Re7 Rb1 77. Re4 Kf7 78. Ke3 (78. Rc4 $16) 78... Re1+ $1 $11 {The position is equal.} 79. Kd4 (79. Kd3 {looks sharper.} Rxe4 80. Kxe4 Ke8 81. Kd4 Kd8 82. Kc4) 79... Rxe4+ $1 80. Kxe4 Ke7 81. Kd5 {Threatening mate with Kc6.} Kd7 82. Kc5 {White threatens Kd5 and mate.} Kc7 $1 83. Kd5 {Ke6 would kill now.} Kd7 {Weighted Error Value: White=0.18/Black=0.14} 1/2-1/2

[Event "V Open Semana Santa Alicante 2021"]
[Site "Alicante"]
[Date "2021.04.02"]
[Round "5.2"]
[White "Del Rio De Angelis, Salvador G."]
[Black "Narciso Dublan, Marc"]
[Result "1/2-1/2"]
[WhiteElo "2510"]
[BlackElo "2521"]
[Annotator "ChessBase"]
[PlyCount "27"]
[EventDate "2021.03.31"]
[EventType "swiss"]
[EventCountry "ESP"]
[SourceTitle "playchess.com"]
[Source "ChessBase"]
[SourceQuality "1"]
[TimeControl "5400+30"]

1. d4 {[%emt 0:00:00]} Nf6 {[%emt 0:00:00]} 2. c4 {[%emt 0:00:00]} e6 {[%emt 0:00:12]} 3. Nc3 {[%emt 0:00:09]} d5 {[%emt 0:00:17]} 4. Bg5 {[%emt 0:00:18]} Be7 {[%emt 0:00:22]} 5. e3 {[%emt 0:00:12]} O-O {[%emt 0:00:26]} 6. Nf3 {[%emt 0:00:21]} Nbd7 {[%emt 0:00:38]} 7. Rc1 {[%emt 0:00:24]} c6 {[%emt 0:00:38]} 8. Bd3 {[%emt 0:00:37]} dxc4 {[%emt 0:00:27]} 9. Bxc4 {[%emt 0:00:10]} Nd5 {[%emt 0:00:08]} 10. Bxe7 {[%emt 0:01:35]} Qxe7 {[%emt 0:00:10]} 11. O-O {[%emt 0:01:18]} Nxc3 {[%emt 0:01:06]} 12. Rxc3 {[%emt 0:00:09]} e5 {[%emt 0:00:23]} 13. Bb3 {[%emt 0:00:59]} exd4 {[%emt 0:04:16]} 14. exd4 {[%emt 0:00:14]} 1/2-1/2

[Event "V Open Semana Santa Alicante 2021"]
[Site "Alicante"]
[Date "2021.04.02"]
[Round "5.3"]
[White "Movsziszian, Karen"]
[Black "Aranda Marin, Cristian"]
[Result "1-0"]
[WhiteElo "2471"]
[BlackElo "2361"]
[Annotator "ChessBase"]
[PlyCount "47"]
[EventDate "2021.03.31"]
[EventType "swiss"]
[EventCountry "ESP"]
[SourceTitle "playchess.com"]
[Source "ChessBase"]
[SourceQuality "1"]
[TimeControl "5400+30"]

1. e4 {[%emt 0:00:00]} c5 {[%emt 0:03:15]} 2. Nf3 {[%emt 0:00:14]} e6 {[%emt 0:00:41]} 3. d3 {[%emt 0:04:35]} Nc6 {[%emt 0:01:41]} 4. g3 {[%emt 0:00:03]} d5 {[%emt 0:01:38]} 5. Nbd2 {[%emt 0:00:06]} Nf6 {[%emt 0:00:44]} 6. Bg2 {[%emt 0:00:05]} Be7 {[%emt 0:01:03]} 7. O-O {[%emt 0:00:02]} O-O {[%emt 0:00:42]} 8. Re1 {[%emt 0:00:04]} b5 {[%emt 0:07:49]} 9. exd5 {[%emt 0:00:07]} Nxd5 {[%emt 0:00:23]} 10. c3 {[%emt 0:06:47]} Bb7 {[%emt 0:04:35]} 11. Qe2 {[%emt 0:00:50]} Qd7 {[%emt 0:06:00]} 12. Nb3 {[%emt 0:01:55]} Rfd8 {[%emt 0:04:28]} 13. Bg5 {[%emt 0:02:33]} a6 {[%emt 0:20:53]} 14. Rad1 {[%emt 0:06:26]} Rac8 {[%emt 0:02:44]} 15. c4 {[%emt 0:05:46]} Nb6 {[%emt 0:16:15]} 16. cxb5 {[%emt 0:04:36]} axb5 {[%emt 0:00:12]} 17. d4 {[%emt 0:00:02]} c4 {[%emt 0:03:35]} 18. Nc5 {[%emt 0:01:33]} Qc7 {[%emt 0:02:42]} 19. Bf4 {[%emt 0:07:19]} Bd6 {[%emt 0:00:28]} 20. Nxe6 {[%emt 0:00:13]} fxe6 {[%emt 0:07:04]} 21. Qxe6+ {[%emt 0:00:13]} Kf8 {[%emt 0:00:46]} 22. Ng5 {[%emt 0:00:22]} g6 {[%emt 0:00:16]} 23. Qf6+ {[%emt 0:01:34]} Kg8 {[%emt 0:00:21]} 24. Bh3 1-0

[Event "V Open Semana Santa Alicante 2021"]
[Site "Alicante"]
[Date "2021.04.02"]
[Round "5.4"]
[White "Serarols Mabras, Bernat"]
[Black "Garcia Brion, Eduardo"]
[Result "1-0"]
[WhiteElo "2358"]
[BlackElo "2192"]
[Annotator "ChessBase"]
[PlyCount "97"]
[EventDate "2021.03.31"]
[EventType "swiss"]
[EventCountry "ESP"]
[SourceTitle "playchess.com"]
[Source "ChessBase"]
[SourceQuality "1"]
[TimeControl "5400+30"]

1. d4 {[%emt 0:00:00]} Nf6 {[%emt 0:00:00]} 2. c4 {[%emt 0:00:00]} e6 {[%emt 0:00:00]} 3. Nc3 {[%emt 0:01:02]} Bb4 {[%emt 0:00:00]} 4. e3 {[%emt 0:00:02]} d6 {[%emt 0:02:09]} 5. Nge2 {[%emt 0:02:04]} O-O {[%emt 0:01:00]} 6. a3 {[%emt 0:00:53]} Bxc3+ {[%emt 0:00:06]} 7. Nxc3 {[%emt 0:00:07]} Qe7 {[%emt 0:00:48]} 8. Be2 {[%emt 0:02:37]} e5 {[%emt 0:00:42]} 9. O-O {[%emt 0:03:50]} Re8 {[%emt 0:06:52]} 10. b3 {[%emt 0:12:29]} Nbd7 {[%emt 0:25:57]} 11. Bb2 {[%emt 0:02:06]} c6 {[%emt 0:04:19]} 12. b4 {[%emt 0:08:07]} Nf8 {[%emt 0:04:02]} 13. Qd2 {[%emt 0:09:08]} Bf5 {[%emt 0:01:27]} 14. Rfd1 {[%emt 0:08:29]} Rad8 {[%emt 0:02:21]} 15. d5 {[%emt 0:00:23]} Ng6 {[%emt 0:13:16]} 16. f3 {[%emt 0:04:40]} cxd5 {[%emt 0:04:17]} 17. cxd5 {[%emt 0:00:55]} h5 {[%emt 0:02:25]} 18. e4 {[%emt 0:00:14]} Bc8 {[%emt 0:00:56]} 19. Bf1 {[%emt 0:05:16]} Nh7 {[%emt 0:00:40]} 20. Qf2 {[%emt 0:01:56]} Nf4 {[%emt 0:09:40]} 21. Qxa7 {[%emt 0:02:02]} g5 {[%emt 0:00:17]} 22. Ne2 {[%emt 0:08:44]} f5 {[%emt 0:01:20]} 23. Ng3 {[%emt 0:06:34]} g4 {[%emt 0:03:05]} 24. fxg4 {[%emt 0:00:24]} fxg4 {[%emt 0:00:37]} 25. Ne2 {[%emt 0:02:42]} Rf8 {[%emt 0:00:53]} 26. Nxf4 {[%emt 0:02:13]} Rxf4 {[%emt 0:00:15]} 27. Bc1 {[%emt 0:00:23]} Rf7 {[%emt 0:03:36]} 28. Bh6 {[%emt 0:05:10]} Rf6 {[%emt 0:04:52]} 29. Qe3 {[%emt 0:01:45]} Rg6 {[%emt 0:00:01]} 30. Bd3 {[%emt 0:01:39]} g3 {[%emt 0:05:25]} 31. h3 {[%emt 0:02:25]} Qh4 {[%emt 0:00:07]} 32. Rf1 {[%emt 0:01:36]} Nf6 {[%emt 0:00:42]} 33. Bg5 {[%emt 0:01:16]} Rxg5 {[%emt 0:00:10]} 34. Rxf6 {[%emt 0:00:06]} Rg7 {[%emt 0:00:44]} 35. Rf3 {[%emt 0:01:49]} Bxh3 {[%emt 0:00:57]} 36. gxh3 {[%emt 0:00:17]} Qxh3 {[%emt 0:00:04]} 37. Ra2 {[%emt 0:00:44]} h4 {[%emt 0:00:14]} 38. Rg2 {[%emt 0:00:54]} Rc8 {[%emt 0:00:58]} 39. Bf1 {[%emt 0:01:19]} Qg4 {[%emt 0:00:08]} 40. Be2 {[%emt 0:00:25]} Qh3 {[%emt 0:00:44]} 41. Bf1 {[%emt 0:00:08]} Qg4 {[%emt 0:00:06]} 42. a4 {[%emt 0:00:22]} Rc1 {[%emt 0:00:28]} 43. Qxc1 {[%emt 0:00:19]} Qxf3 {[%emt 0:00:06]} 44. Qc8+ {[%emt 0:00:01]} Kh7 {[%emt 0:00:20]} 45. Qf5+ {[%emt 0:01:20]} Qxf5 {[%emt 0:00:06]} 46. exf5 {[%emt 0:00:01]} Kh6 {[%emt 0:03:03]} 47. Rc2 {[%emt 0:00:39]} Kg5 {[%emt 0:00:03]} 48. Rc4 {[%emt 0:00:59]} b5 {[%emt 0:00:36]} 49. axb5 {[%emt 0:00:15]} 1-0

[Event "V Open Semana Santa Alicante 2021"]
[Site "Alicante"]
[Date "2021.04.02"]
[Round "5.5"]
[White "Ibanez Aullana, Ramon"]
[Black "Guardiola Guillot, Lucas"]
[Result "1-0"]
[WhiteElo "2276"]
[BlackElo "2017"]
[Annotator "ChessBase"]
[PlyCount "101"]
[EventDate "2021.03.31"]
[EventType "swiss"]
[EventCountry "ESP"]
[SourceTitle "playchess.com"]
[Source "ChessBase"]
[SourceQuality "1"]
[TimeControl "5400+30"]

1. e4 {[%emt 0:05:25]} e6 {[%emt 0:00:00]} 2. d4 {[%emt 0:02:31]} d5 {[%emt 0:00:00]} 3. Nc3 {[%emt 0:00:16]} Bb4 {[%emt 0:00:00]} 4. e5 {[%emt 0:00:28]} c5 {[%emt 0:00:06]} 5. a3 {[%emt 0:00:27]} Bxc3+ {[%emt 0:00:17]} 6. bxc3 {[%emt 0:00:02]} Nc6 {[%emt 0:00:13]} 7. a4 {[%emt 0:03:56]} f6 {[%emt 0:03:29]} 8. Nf3 {[%emt 0:03:51]} fxe5 {[%emt 0:01:01]} 9. dxe5 {[%emt 0:02:34]} Qc7 {[%emt 0:00:48]} 10. Bb5 {[%emt 0:06:39]} Bd7 {[%emt 0:02:49]} 11. O-O {[%emt 0:00:44]} Nge7 {[%emt 0:03:24]} 12. c4 {[%emt 0:04:18]} a6 {[%emt 0:13:38]} 13. cxd5 {[%emt 0:01:49]} Nxd5 {[%emt 0:03:46]} 14. Bc4 {[%emt 0:02:06]} Nb6 {[%emt 0:03:27]} 15. Bd3 {[%emt 0:02:11]} O-O-O {[%emt 0:03:12]} 16. Re1 {[%emt 0:03:23]} Be8 {[%emt 0:04:25]} 17. Ng5 {[%emt 0:02:02]} Qd7 {[%emt 0:05:13]} 18. Qg4 {[%emt 0:12:16]} h6 {[%emt 0:22:22]} 19. Nf3 {[%emt 0:07:07]} Qe7 {[%emt 0:08:40]} 20. Bb2 {[%emt 0:22:40]} Nb4 {[%emt 0:02:20]} 21. a5 {[%emt 0:00:45]} Na4 {[%emt 0:03:52]} 22. Bc1 {[%emt 0:01:11]} Nc3 {[%emt 0:08:24]} 23. Ra3 {[%emt 0:02:58]} Nxd3 {[%emt 0:02:03]} 24. cxd3 {[%emt 0:00:03]} Nb5 {[%emt 0:00:08]} 25. Rb3 {[%emt 0:01:50]} Bc6 {[%emt 0:00:32]} 26. Be3 {[%emt 0:00:47]} Rhf8 {[%emt 0:03:35]} 27. Rc1 {[%emt 0:00:25]} Bxf3 {[%emt 0:01:03]} 28. gxf3 {[%emt 0:00:07]} Nd4 {[%emt 0:00:27]} 29. Bxd4 {[%emt 0:02:19]} Rxd4 {[%emt 0:00:06]} 30. Qxd4 {[%emt 0:00:32]} Qg5+ {[%emt 0:00:02]} 31. Qg4 {[%emt 0:00:13]} Qxc1+ {[%emt 0:00:05]} 32. Kg2 {[%emt 0:00:01]} Rf5 {[%emt 0:00:32]} 33. h4 {[%emt 0:00:15]} Qf4 {[%emt 0:01:18]} 34. Rc3 {[%emt 0:05:48]} Qxg4+ {[%emt 0:00:16]} 35. fxg4 {[%emt 0:00:01]} Rxe5 {[%emt 0:00:02]} 36. d4 {[%emt 0:02:42]} Rd5 {[%emt 0:00:42]} 37. Rxc5+ {[%emt 0:01:44]} Kd7 {[%emt 0:01:34]} 38. Rxd5+ {[%emt 0:00:55]} exd5 {[%emt 0:00:02]} 39. Kf3 {[%emt 0:00:06]} Kc6 {[%emt 0:01:35]} 40. Kf4 {[%emt 0:00:02]} b5 {[%emt 0:00:14]} 41. axb6 {[%emt 0:01:02]} a5 {[%emt 0:00:09]} 42. Ke3 {[%emt 0:00:39]} g5 {[%emt 0:01:17]} 43. hxg5 {[%emt 0:00:04]} hxg5 {[%emt 0:00:10]} 44. Kd3 {[%emt 0:02:11]} a4 {[%emt 0:00:57]} 45. Kc3 {[%emt 0:00:17]} Kxb6 {[%emt 0:02:07]} 46. Kb4 {[%emt 0:00:07]} a3 {[%emt 0:00:05]} 47. Kxa3 {[%emt 0:00:03]} Kb5 {[%emt 0:00:10]} 48. Kb3 {[%emt 0:00:02]} Ka5 {[%emt 0:00:09]} 49. Kc3 {[%emt 0:00:09]} Kb5 {[%emt 0:00:04]} 50. f4 {[%emt 0:00:43]} gxf4 {[%emt 0:01:33]} 51. g5 {[%emt 0:00:06]} 1-0

[Event "V Open Semana Santa Alicante 2021"]
[Site "Alicante"]
[Date "2021.04.02"]
[Round "5.6"]
[White "Donado-Mazarron Gomez, Miguel"]
[Black "Vilanova Corbi, Jorge"]
[Result "1/2-1/2"]
[WhiteElo "2184"]
[BlackElo "2200"]
[Annotator "ChessBase"]
[PlyCount "49"]
[EventDate "2021.03.31"]
[EventType "swiss"]
[EventCountry "ESP"]
[SourceTitle "playchess.com"]
[Source "ChessBase"]
[SourceQuality "1"]
[TimeControl "5400+30"]

1. d4 {[%emt 0:03:36]} d5 {[%emt 0:04:52]} 2. c4 {[%emt 0:00:08]} c6 {[%emt 0:00:19]} 3. Nc3 {[%emt 0:00:06]} Nf6 {[%emt 0:00:15]} 4. Nf3 {[%emt 0:00:06]} dxc4 {[%emt 0:00:48]} 5. a4 {[%emt 0:00:10]} Bf5 {[%emt 0:00:47]} 6. Ne5 {[%emt 0:00:16]} Nbd7 {[%emt 0:01:02]} 7. Nxc4 {[%emt 0:00:07]} Nb6 {[%emt 0:02:06]} 8. Ne5 {[%emt 0:01:04]} a5 {[%emt 0:00:38]} 9. f3 {[%emt 0:02:52]} Nfd7 {[%emt 0:01:22]} 10. Nxd7 {[%emt 0:02:37]} Nxd7 {[%emt 0:00:21]} 11. e4 {[%emt 0:00:55]} Bg6 {[%emt 0:00:19]} 12. Be2 {[%emt 0:07:13]} e5 {[%emt 0:04:54]} 13. dxe5 {[%emt 0:05:35]} Qb6 {[%emt 0:04:47]} 14. f4 {[%emt 0:07:31]} f5 {[%emt 0:03:59]} 15. exf5 {[%emt 0:10:38]} Bxf5 {[%emt 0:00:23]} 16. Bg4 {[%emt 0:06:45]} Bxg4 {[%emt 0:06:26]} 17. Qxg4 {[%emt 0:00:07]} O-O-O {[%emt 0:01:07]} 18. Bd2 {[%emt 0:06:56]} Kb8 {[%emt 0:13:26]} 19. O-O-O {[%emt 0:06:56]} Bb4 {[%emt 0:13:00]} 20. Qe2 {[%emt 0:04:18]} Nc5 {[%emt 0:06:22]} 21. Be3 {[%emt 0:05:25]} Bxc3 {[%emt 0:02:10]} 22. bxc3 {[%emt 0:01:12]} Qb3 {[%emt 0:00:21]} 23. Bxc5 {[%emt 0:10:53]} Qxc3+ {[%emt 0:00:09]} 24. Qc2 {[%emt 0:00:21]} Qa1+ {[%emt 0:00:06]} 25. Qb1 {[%emt 0:00:04]} 1/2-1/2

[Event "V Open Semana Santa Alicante 2021"]
[Site "Alicante"]
[Date "2021.04.02"]
[Round "5.7"]
[White "Santos Ruiz, Miguel"]
[Black "Gago Padreny, Ignacio"]
[Result "1-0"]
[WhiteElo "2592"]
[BlackElo "2247"]
[Annotator "TA"]
[PlyCount "102"]
[EventDate "2021.03.31"]
[EventType "swiss"]
[EventCountry "ESP"]
[SourceTitle "playchess.com"]
[Source "ChessBase"]
[SourceQuality "1"]

{[%evp 9,102,8,28,12,7,2,17,0,-5,0,0,0,0,-15,0,-2,0,0,0,0,0,9,22,17,27,21,69,58,25,0,117,125,123,110,95,113,83,120,216,190,185,134,129,133,137,137,164,163,166,160,165,164,160,160,161,160,170,169,176,150,179,145,142,150,150,150,150,150,150,150,150,150,150,147,169,169,254,263,263,261,255,245,262,255,1282,1265,1175,1175,1499,1350,29973,29974,29977,29978,29988]} 1. e4 c6 2. Nf3 d5 3. Nc3 Nf6 4. e5 Ne4 5. Ne2 Qb6 {[%csl Ge4][%cal Rb6f2] [#]} 6. d4 {B11: Caro-Kann: Two Knights Variation.} e6 7. Ng3 $1 {The main line 7.Ng3 scores better than 7.Nfg1.} c5 8. Bd3 {The position is equal.} Nxg3 9. fxg3 cxd4 10. O-O {Hoping for Ng5.} Nc6 11. a3 Bd7 12. b4 a6 13. Qe2 {And now Ng5 would win.} h6 14. g4 Be7 {[#]} 15. g5 $146 ({Predecessor:} 15. Rb1 Na7 16. Bb2 Nb5 17. Qf2 Qc7 18. Nxd4 O-O 19. Ne2 f6 20. Qe3 fxe5 21. Bxe5 {½-½ (59) Vachier Lagrave,M (2778)-Nakamura,H (2743) Saint Louis 2019}) 15... O-O-O 16. gxh6 gxh6 17. Rb1 Na7 18. Bb2 Nc6 19. Ba1 f6 (19... Rhg8 $11 {remains equal.}) 20. b5 $16 axb5 21. Rxb5 Qc7 {[%cal Rc6e5]} 22. Rfb1 Na5 ({Don't play} 22... Nxe5 $6 23. Rxb7 Nxf3+ 24. Kf2 $14) 23. exf6 Bd6 (23... Bxf6 $16 {keeps fighting.} 24. Qe1 (24. Nxd4 Bxb5 25. Rxb5 Rde8 $14) 24... Bxb5 25. Rxb5 e5) 24. Bxd4 Bxb5 25. Rxb5 (25. Bxb5 $18 Kb8 26. c3 (26. Qxe6 Qxc2 27. Qe1 Qe4 $16)) 25... Nc6 26. Qxe6+ {[%mdl 64] [#] Double Attack} Kb8 27. Bb2 Rhe8 28. Qf5 Ne5 29. Bxe5 Rxe5 30. Nxe5 Bxe5 31. g3 {f7 is the strong threat.} Rf8 32. Rxd5 Bxf6 {Strongly threatening ...Bd4+!} 33. Kg2 Be7 34. Qg6 Bg5 35. Qd6 Qxd6 36. Rxd6 {[%mdl 4096] Endgame KRB-KRB} Kc7 37. Rd4 Be3 38. Rc4+ Kd6 39. h4 Bc5 40. a4 b6 41. Re4 Kd5 42. g4 Bf2 (42... Bd6 $142 43. c4+ Kc5) 43. g5 $18 hxg5 44. hxg5 Bd4 45. g6 Rg8 46. Re7 Rg7 $2 (46... Kd6 47. Rf7 Bc3) 47. Rxg7 Bxg7 48. Kf3 Ke5 49. c4 Bf8 50. c5 bxc5 51. a5 Kd5 {Weighted Error Value: White=0.05/Black=0.31} 1-0

[Event "V Open Semana Santa Alicante 2021"]
[Site "Alicante"]
[Date "2021.04.02"]
[Round "5.8"]
[White "Garcia Gimenez, Santiago"]
[Black "Diaz Camallonga, Carles"]
[Result "1-0"]
[WhiteElo "2266"]
[BlackElo "2469"]
[Annotator "ChessBase"]
[PlyCount "59"]
[EventDate "2021.03.31"]
[EventType "swiss"]
[EventCountry "ESP"]
[SourceTitle "playchess.com"]
[Source "ChessBase"]
[SourceQuality "1"]
[TimeControl "5400+30"]

1. e4 {[%emt 0:00:00]} e6 {[%emt 0:00:00]} 2. d4 {[%emt 0:00:09]} d5 {[%emt 0:00:00]} 3. Nd2 {[%emt 0:00:05]} c5 {[%emt 0:00:00]} 4. exd5 {[%emt 0:00:07]} Qxd5 {[%emt 0:00:00]} 5. Ngf3 {[%emt 0:00:06]} cxd4 {[%emt 0:00:02]} 6. Bc4 {[%emt 0:00:06]} Qd6 {[%emt 0:00:04]} 7. O-O {[%emt 0:00:07]} Nf6 {[%emt 0:00:02]} 8. Nb3 {[%emt 0:00:07]} Nc6 {[%emt 0:00:04]} 9. Nbxd4 {[%emt 0:00:07]} Nxd4 {[%emt 0:00:05]} 10. Nxd4 {[%emt 0:00:07]} Be7 {[%emt 0:00:28]} 11. c3 {[%emt 0:00:07]} O-O {[%emt 0:00:04]} 12. Qf3 {[%emt 0:00:05]} Qc7 {[%emt 0:00:04]} 13. Bb3 {[%emt 0:00:05]} Bd7 {[%emt 0:02:23]} 14. h3 {[%emt 0:04:54]} b5 {[%emt 0:04:48]} 15. Re1 {[%emt 0:03:57]} Rfe8 {[%emt 0:01:52]} 16. Bf4 {[%emt 0:01:13]} Qb6 {[%emt 0:03:28]} 17. Rad1 {[%emt 0:06:51]} Rac8 {[%emt 0:01:14]} 18. Be5 {[%emt 0:03:11]} a5 {[%emt 0:12:12]} 19. Re3 {[%emt 0:06:06]} Red8 {[%emt 0:07:27]} 20. Qg3 {[%emt 0:07:50]} Nh5 {[%emt 0:03:12]} 21. Qf3 {[%emt 0:02:42]} Nf6 {[%emt 0:00:21]} 22. g4 {[%emt 0:01:35]} a4 {[%emt 0:13:08]} 23. Bc2 {[%emt 0:00:16]} h6 {[%emt 0:20:18]} 24. h4 {[%emt 0:13:13]} Bc6 {[%emt 0:02:42]} 25. Nxc6 {[%emt 0:03:18]} Rxd1+ {[%emt 0:00:02]} 26. Qxd1 {[%emt 0:00:08]} Qxc6 {[%emt 0:01:10]} 27. g5 {[%emt 0:00:14]} Rd8 {[%emt 0:01:08]} 28. Rd3 {[%emt 0:00:10]} Nd5 {[%emt 0:01:50]} 29. gxh6 {[%emt 0:01:01]} g6 {[%emt 0:05:45]} 30. Rxd5 {[%emt 0:00:13]} 1-0

[Event "V Open Semana Santa Alicante 2021"]
[Site "Alicante"]
[Date "2021.04.02"]
[Round "5.9"]
[White "Ladron De Guevara Pinto, Paolo"]
[Black "Galiana Fernandez, Adrian"]
[Result "1-0"]
[WhiteElo "2440"]
[BlackElo "2203"]
[Annotator "ChessBase"]
[PlyCount "58"]
[EventDate "2021.03.31"]
[EventType "swiss"]
[EventCountry "ESP"]
[SourceTitle "playchess.com"]
[Source "ChessBase"]
[SourceQuality "1"]
[TimeControl "5400+30"]

1. e4 {[%emt 0:00:39]} e5 {[%emt 0:00:00]} 2. Nf3 {[%emt 0:00:04]} Nc6 {[%emt 0:00:00]} 3. Bb5 {[%emt 0:00:03]} a6 {[%emt 0:00:00]} 4. Ba4 {[%emt 0:00:04]} Nf6 {[%emt 0:00:00]} 5. O-O {[%emt 0:00:13]} Bc5 {[%emt 0:00:00]} 6. c3 {[%emt 0:01:35]} b5 {[%emt 0:00:05]} 7. Bc2 {[%emt 0:10:05]} d5 {[%emt 0:00:11]} 8. d3 {[%emt 0:01:21]} O-O {[%emt 0:02:02]} 9. Nbd2 {[%emt 0:03:42]} Be6 {[%emt 0:06:09]} 10. a4 {[%emt 0:09:07]} Qd7 {[%emt 0:09:34]} 11. Qe2 {[%emt 0:27:57]} Bb6 {[%emt 0:09:55]} 12. axb5 {[%emt 0:11:19]} axb5 {[%emt 0:00:08]} 13. Rxa8 {[%emt 0:00:03]} Rxa8 {[%emt 0:00:06]} 14. d4 {[%emt 0:01:38]} exd4 {[%emt 0:17:50]} 15. e5 {[%emt 0:01:13]} Ng4 {[%emt 0:06:13]} 16. cxd4 {[%emt 0:01:53]} Nh6 {[%emt 0:11:59]} 17. Nb3 {[%emt 0:00:38]} Nf5 {[%emt 0:00:06]} 18. Rd1 {[%emt 0:00:08]} Na5 {[%emt 0:01:16]} 19. Nxa5 {[%emt 0:01:44]} Rxa5 {[%emt 0:00:19]} 20. Qd3 {[%emt 0:01:54]} g6 {[%emt 0:00:38]} 21. Bg5 {[%emt 0:05:05]} b4 {[%emt 0:02:43]} 22. Bf6 {[%emt 0:00:37]} c5 {[%emt 0:06:20]} 23. Qd2 {[%emt 0:00:28]} Qc8 {[%emt 0:05:17]} 24. dxc5 {[%emt 0:02:24]} Qxc5 {[%emt 0:00:03]} 25. Rc1 {[%emt 0:03:29]} Qf8 {[%emt 0:01:56]} 26. Bxf5 {[%emt 0:04:39]} Bxf5 {[%emt 0:00:07]} 27. Nd4 {[%emt 0:00:28]} Bd7 {[%emt 0:00:36]} 28. h3 {[%emt 0:02:14]} h6 {[%emt 0:00:40]} 29. Nc6 {[%emt 0:00:44]} Bc5 {[%emt 0:01:22]} 1-0

[Event "V Open Semana Santa Alicante 2021"]
[Site "Alicante"]
[Date "2021.04.02"]
[Round "5.10"]
[White "Moral Garcia, Serafin"]
[Black "Argandona Riveiro, Inigo"]
[Result "1-0"]
[WhiteElo "2239"]
[BlackElo "2435"]
[Annotator "ChessBase"]
[PlyCount "93"]
[EventDate "2021.03.31"]
[EventType "swiss"]
[EventCountry "ESP"]
[SourceTitle "playchess.com"]
[Source "ChessBase"]
[SourceQuality "1"]
[TimeControl "5400+30"]

1. e4 e5 2. Nf3 Nc6 3. Bb5 a6 4. Bxc6 dxc6 5. O-O Bg4 6. h3 Bh5 7. g4 Bg6 8. Nxe5 Qh4 9. Qf3 f6 10. Nxg6 hxg6 11. Kg2 Bd6 12. d4 O-O-O 13. Be3 Ne7 14. Nd2 g5 15. Rh1 Kb8 16. e5 fxe5 17. Ne4 Rhf8 18. Qg3 exd4 19. Qxh4 gxh4 20. Bxd4 Rf4 21. Rhe1 Bb4 22. Be5 Ng6 23. Bxf4 Nxf4+ 24. Kf3 Rf8 25. c3 Ba5 26. g5 Nxh3+ 27. Kg2 Nf4+ 28. Kh2 Nd3 29. Re2 Bb6 30. Rd1 Ne5 31. Kg2 Ng6 32. Red2 Rf4 33. Rd8+ Ka7 34. Re8 Rg4+ 35. Kh3 Rf4 36. c4 Bxf2 37. Rd7 Kb6 38. Rxg7 Nf8 39. Nf6 Bc5 40. Rg8 Rf1 41. Rgxf8 Bxf8 42. Rxf8 Rh1+ 43. Kg2 Rb1 44. g6 Rxb2+ 45. Kh3 Rxa2 46. g7 Ra3+ 47. Kxh4 1-0